000 00285nam a2200109Ia 4500
008 200302s9999 xx 000 0 und d
100 _aJohn Whitehead
245 _aThe French Interior in the Eighteenth Century
260 _bLaurence King Publishing
260 _c1992
300 _a256 P.,
999 _c2098
_d2098